Relato de un naufragio
Gespeichert in:
| 1. Verfasser: | |
|---|---|
| Format: | Buch |
| Sprache: | Spanisch |
| Veröffentlicht: |
Buenos Aires
Sudamericana
1993
|
| Schlagworte: | |
| Tags: |
Tag hinzufügen
Keine Tags, Fügen Sie den ersten Tag hinzu!
|
MARC
| LEADER | 00000nam a2200000 a 4500 | ||
|---|---|---|---|
| 001 | UCT8153 | ||
| 003 | CL-VaPUC | ||
| 008 | 970318e19930000AG |||||||||||||||||spa|d | ||
| 082 | 0 | 4 | |a Co863 |b GAR |2 21 |
| 100 | 0 | |a García Márquez, Gabriel |e author |9 318478 | |
| 245 | 1 | 0 | |a Relato de un naufragio |
| 300 | |a 164 p | ||
| 942 | |c BK | ||
| 945 | |d 19970318 00:00:00 |a rbrito | ||
| 260 | |a Buenos Aires |b Sudamericana |c 1993 | ||
| 650 | 0 | |a Novelas colombianas |9 266734 | |
| 583 | |a last modification |c 19970318 00:00:00 |k Rodrigo Vera | ||
| 999 | |c 256684 |d 256682 | ||